LIBRARY & INFORMATION CENTRE, KCAET, TAVANUR

ONLINE PUBLIC ACCESS CATALOGUE (OPAC)

Study of energy inflow - outflow pattern in paddy cultivation with specific reference to tillage treatments (Record no. 15268)

MARC details
000 -LEADER
fixed length control field 00892nam a22002177a 4500
003 - CONTROL NUMBER IDENTIFIER
control field OSt
088 ## - REPORT NUMBER
Report number P 05
100 ## - MAIN ENTRY--AUTHOR NAME
Personal name JAYACHANDRAN S
245 ## - TITLE STATEMENT
Title Study of energy inflow - outflow pattern in paddy cultivation with specific reference to tillage treatments
260 ## - PUBLICATION, DISTRIBUTION, ETC. (IMPRINT)
Place of publication Tavanur 1992
Name of publisher Department of Farm Power Machinery and Energy
300 ## - PHYSICAL DESCRIPTION
Number of Pages 82
500 ## - GENERAL NOTE
General note Study of energy inflow - outflow pattern in paddy cultivation with specific reference to tillage treatments
520 ## - SUMMARY, ETC.
Summary, etc Study of energy inflow - outflow pattern in paddy cultivation with specific reference to tillage treatments
700 ## - ADDED ENTRY--PERSONAL NAME
Personal name Jayasree G. S
700 ## - ADDED ENTRY--PERSONAL NAME
Personal name Sobhalatha P. K
700 ## - ADDED ENTRY--PERSONAL NAME
Personal name Sureshkumar P. R
700 ## - ADDED ENTRY--PERSONAL NAME
Personal name Er. Sathyajith Mathew (Guide)
856 ## - ELECTRONIC LOCATION AND ACCESS
Uniform Resource Identifier https://drive.google.com/open?id=1375vgdV6zyLre6DRD6Lb7hrJO0DirUz4
942 ## - ADDED ENTRY ELEMENTS (KOHA)
Koha item type Project Report
Holdings
Collection code Home library Current library Shelving location Full call number Accession Number Koha item type
Reference KAUAET KAUAET Reference 631.3 JAY/ST P5 Project Report
free website counter